Teología del Antiguo Testamento / (Record no. 123365)

MARC details
000 -LEADER
campo de control de longitud fija 00790nam a2200217 i 4500
001 - NÚMERO DE CONTROL
campo de control 123365
003 - IDENTIFICADOR DE NÚMERO DE CONTROL
campo de control ES-MaACL
005 - FECHA Y HORA DE LA ÚLTIMA TRANSACCIÓN
campo de control 20230906192147.0
007 - CAMPO FIJO DE DESCRIPCIÓN FÍSICA--INFORMACIÓN GENERAL
campo de control de longitud fija t|
008 - DATOS DE LONGITUD FIJA--INFORMACIÓN GENERAL
campo de control de longitud fija 070214s1972 sp |||| | spa d
100 1# - ENTRADA PRINCIPAL--NOMBRE DE PERSONA
Nombre de persona Rad, Gerhard von.
9 (RLIN) 94901
245 10 - MENCIÓN DEL TÍTULO
Título Teología del Antiguo Testamento /
Mención de responsabilidad, etc. Gerhard von Rad ; edición preparada por Luis Alonso Schökel.
260 ## - PUBLICACIÓN, DISTRIBUCIÓN, ETC.
Lugar de publicación, distribución, etc. Salamanca :
Nombre del editor, distribuidor, etc. Sígueme,
Fecha de publicación, distribución, etc. 1972.
300 ## - DESCRIPCIÓN FÍSICA
Extensión 2 v. (591 p.; 567 p.) ;
Dimensiones 22 cm.
505 8# - NOTA DE CONTENIDO CON FORMATO
Nota de contenido con formato Contiene: I ;
Título Teología de las tradiciones históricas de Israel - II ;
-- Teología de las tradiciones proféticas de Israel
630 04 - PUNTO DE ACCESO ADICIONAL DE MATERIA--TÍTULO UNIFORME
Título uniforme Biblia.
Nombre de parte o sección de la obra A.T.-
Subdivisión general Teología.
9 (RLIN) 167082
700 1# - ENTRADA AGREGADA--NOMBRE PERSONAL
Nombre de persona Alonso Schökel, Luis.
9 (RLIN) 181472
852 ## - LOCALIZACIÓN
Ubicación ES-MaACL
Número de control de estantería E-9174-75
852 ## - LOCALIZACIÓN
Ubicación ES-MaACL
Número de control de estantería L-180-81
Holdings
Estatus retirado Estado de pérdida Estado de daño No para préstamo Biblioteca de origen Biblioteca actual Ubicación en estantería Fecha de adquisición Fuente de adquisición Total de préstamos Signatura topográfica completa Código de barras Visto por última vez Precio de reemplazo Tipo de ítem Koha Fuente del sistema de clasificación o colocación Restricciones de uso
        Biblioteca del Ateneo de Madrid Biblioteca del Ateneo de Madrid Depósito 2 17/01/2008     E-9174-75 1128538 23/02/2023 23/02/2023 Libro impreso    
        Biblioteca del Ateneo de Madrid Biblioteca del Ateneo de Madrid Depósito 2 17/01/2008     L-180-81 1128540 23/02/2023 23/02/2023 Libro impreso Clasificación decimal universal Duplicado